charlie and the chocolate factory (Record no. 8474)
[ view plain ]
| 000 -LEADER | |
|---|---|
| fixed length control field | 01106nam a22002057a 4500 |
| 003 - CONTROL NUMBER IDENTIFIER | |
| control field | OSt |
| 005 - DATE AND TIME OF LATEST TRANSACTION | |
| control field | 20260220075410.0 |
| 008 - FIXED-LENGTH DATA ELEMENTS--GENERAL INFORMATION | |
| fixed length control field | 260220b |||||||| |||| 00| 0 eng d |
| 020 ## - INTERNATIONAL STANDARD BOOK NUMBER | |
| International Standard Book Number | 9780142410318 |
| 040 ## - CATALOGING SOURCE | |
| Original cataloging agency | DWCL GS library |
| Transcribing agency | OC |
| 082 ## - DEWEY DECIMAL CLASSIFICATION NUMBER | |
| Classification number | Fic. D131c 1998 |
| 100 ## - MAIN ENTRY--PERSONAL NAME | |
| Personal name | Dahl, Roald |
| 245 ## - TITLE STATEMENT | |
| Title | charlie and the chocolate factory |
| Statement of responsibility, etc. | Roald Dahl |
| 260 ## - PUBLICATION, DISTRIBUTION, ETC. | |
| Place of publication, distribution, etc. | New York |
| Name of publisher, distributor, etc. | Penguin group, Inc. |
| Date of publication, distribution, etc. | c1964 |
| 300 ## - PHYSICAL DESCRIPTION | |
| Extent | 155 |
| 520 ## - SUMMARY, ETC. | |
| Summary, etc. | Willy Wonka's famous chocolate factory is opening at last! But only five lucky children will be allowed inside. and the winners are: Agustus Gloop, an enormously fat boy whose hobby is eating; Veruca Salt , a spoiled-rotten brat whose parents are wrapped around her little finger; Violet Beauregarde, a dim-witted gum-chewer with the fastest jaws around; Mike Teavee, a toy pistol-toting gangster-in-training who is obsessed with television; and Charlie Bucket, Our hero, a boy who is honest and kind, brave and true, and good and ready for the wildest, time of his life! |
| 546 ## - LANGUAGE NOTE | |
| Language note | English |
| 700 ## - ADDED ENTRY--PERSONAL NAME | |
| Personal name | Roald Dahl |
| 942 ## - ADDED ENTRY ELEMENTS (KOHA) | |
| Source of classification or shelving scheme | Dewey Decimal Classification |
| Koha item type | Fiction |
| Edition | Fic. D131c 1998 |
| Suppress in OPAC | No |
| 952 ## - LOCATION AND ITEM INFORMATION (KOHA) | |
| -- | |
| Withdrawn status | Lost status | Source of classification or shelving scheme | Damaged status | Not for loan | Home library | Current library | Shelving location | Date acquired | Source of acquisition | Total Checkouts | Full call number | Barcode | Date last seen | Price effective from | Koha item type | Uniform Resource Identifier |
|---|---|---|---|---|---|---|---|---|---|---|---|---|---|---|---|---|
| Dewey Decimal Classification | Grade School Library | Grade School Library | Fiction | 02/20/2026 | School Fund, Donation | Fic. D131c 1998 | 20342 | 02/20/2026 | 02/20/2026 | FIC. |